Les podiums du Tournoi britannique (1882-1909 et 1932-1939) - Statistiques

Statistiques générales
  • Ce quiz a été pris 4 fois
  • Le résultat moyen est 16 sur 29
Statistiques - réponses
Saison 1ER 2E 3E Réponse % Correct
1886 ? - Galles & Irlande Angleterre | Ecosse
100%
1882-1883 Angleterre ? Galles & Irlande Ecosse
100%
1887 Ecosse ? Irlande Galles
75%
1890 Angleterre & Ecosse - ? Galles
75%
1891 Ecosse ? Galles Angleterre
50%
1892 ? Ecosse Irlande Angleterre
50%
1900 Galles ? Ecosse Angleterre
50%
1909 Galles Ecosse ? Angleterre
50%
1937 ? Irlande Ecosse Angleterre
50%
1896 Irlande ? Angleterre & Galles Ecosse
50%
1901 ? Galles Irlande Ecosse
50%
1904 ? Galles & Angleterre - Ecosse
50%
1905 Galles Irlande ? Ecosse
50%
1906 Galles & Irlande - ? Ecosse
50%
1933 ? Angleterre, Irlande & Galles - Ecosse
50%
1934 Angleterre Galles ? Ecosse
50%
1893 ? Ecosse Angleterre Galles
50%
1895 Ecosse Angleterre ? Galles
50%
1903 Ecosse ? Irlande Galles
50%
1907 Ecosse ? Irlande Galles
50%
1908 ? Ecosse, Angleterre & Irlande - Galles
50%
1938 Ecosse ? Angleterre Galles
50%
1939 ? - - Galles | Irlande | Angleterre
50%
1894 ? Angleterre, Ecosse & Galles - Irlande
50%
1899 ? Ecosse Galles Irlande
50%
1902 Galles Angleterre ? Irlande
50%
1935 ? Angleterre & Galles - Irlande
50%
1936 Galles ? Angleterre Irlande
50%
1932 ? - - Irlande [ Galles | Angleterre
50%
Aucun quiz correspondant
Distribution des résultats
% des personnes avec chaque résultat
Percentile par nombre de réponses
Votre historique - résultats
Vous n’avez pas pris ce quiz